Joueurs champions de Serie A - Mort subite - Statistiques

Statistiques générales
  • Ce quiz a été pris 645 fois
  • Le résultat moyen est 5 sur 20
Answers on the Grid
Answers color-coded by a green-red scale on the quiz's grid according to % correct below.
Simone Inzaghi
Filippo Inzaghi
Olivier Dacourt
Roberto Baggio
Diego Maradona
Mario Balotelli
Andrea Pirlo
Ciro Immobile
Achraf Hakimi
Cristiano Ronaldo
Marco van Basten
Federico Chiesa
Francesco Totti
Juan Sebastián Verón
Antonio Di Natale
Kalidou Koulibaly
Philippe Mexès
Youri Djorkaeff
Luigi Di Biagio
Paolo Rossi
Fabio Cannavaro
Lautaro Martínez
Rafael Leão
Daniele De Rossi
Zinédine Zidane
Marek Hamšík
Adrien Rabiot
Antonio Candreva
Alessandro Nesta
Zlatan Ibrahimović
Geoffrey Kondogbia
Javier Zanetti
 
Statistiques - réponses
Réponse % Correct
Andrea Pirlo
48%
Cristiano Ronaldo
44%
Lautaro Martínez
44%
Zlatan Ibrahimović
44%
Zinédine Zidane
38%
Diego Maradona
33%
Alessandro Nesta
30%
Rafael Leão
30%
Filippo Inzaghi
29%
Francesco Totti
27%
Javier Zanetti
27%
Achraf Hakimi
26%
Marco van Basten
23%
Adrien Rabiot
21%
Roberto Baggio
20%
Mario Balotelli
18%
Simone Inzaghi
11%
Paolo Rossi
8%
Juan Sebastián Verón
5%
Olivier Dacourt
4%
Aucun quiz correspondant
Distribution des résultats
% des personnes avec chaque résultat
Percentile par nombre de réponses
Votre historique - résultats
Vous n’avez pas pris ce quiz